The Oxford companion to politics in India (Record no. 436780)

000 -LEADER
fixed length control field 00467cam a22001457a 4500
008 - FIXED-LENGTH DATA ELEMENTS--GENERAL INFORMATION
fixed length control field 180718b2010 xxu||||| |||| 00| 0 eng d
020 ## - INTERNATIONAL STANDARD BOOK NUMBER
International Standard Book Number 0195669762
082 ## - DEWEY DECIMAL CLASSIFICATION NUMBER
Classification number F5x54 J334
245 ## - TITLE STATEMENT
Title The Oxford companion to politics in India
Statement of responsibility, etc. edited by Niraja Gopal Jayal and Pratap Bhanu Mehta
260 ## - PUBLICATION, DISTRIBUTION, ETC.
Place of publication, distribution, etc. New Delhi
Name of publisher, distributor, etc. Oxford Univ. Press
Date of publication, distribution, etc. 2010
300 ## - PHYSICAL DESCRIPTION
Extent 618p.
650 ## - SUBJECT ADDED ENTRY--TOPICAL TERM
Topical term or geographic name entry element India -Ploitics and government
700 ## - ADDED ENTRY--PERSONAL NAME
Personal name Mehta, Pratap Bhanu
700 ## - ADDED ENTRY--PERSONAL NAME
Personal name Jayal, Niraja Gopal
Holdings
Withdrawn status Lost status Damaged status Not for loan Permanent Location Current Location Date acquired Full call number Barcode Date last seen Price effective from Koha item type
        Indian Institute of Public Administration Indian Institute of Public Administration 2012-08-16 F5x54 J334 84793 2022-01-28 2018-07-21 Book
        Indian Institute of Public Administration Indian Institute of Public Administration 2010-03-18 F5x54 J334 83721 2018-07-21 2018-07-21 Book

Powered by Koha